C Language and Numerical Methods (Record no. 593)

MARC details
000 -LEADER
Fixed length control field 00464nam a2200169 4500
003 - CONTROL NUMBER IDENTIFIER
Control field SEACOMMC
005 - DATE AND TIME OF LATEST TRANSACTION
Control field 20250417142725.0
008 - FIXED-LENGTH DATA ELEMENTS--GENERAL INFORMATION
Fixed length control field 240924b |||||||| |||| 00| 0 eng d
020 ## - INTERNATIONAL STANDARD BOOK NUMBER / ISBN
International Standard Book Number 978-81-2241-174-4
Price Rs.270.00
040 ## - CATALOGING SOURCE
Original cataloging agency SEACOMMC
082 ## - DEWEY DECIMAL CLASSIFICATION NUMBER
Classification number 518.0285133
Book Number X3
100 ## - MAIN ENTRY--PERSONAL NAME
Personal name Xavier, C
245 1# - TITLE STATEMENT
Title C Language and Numerical Methods
Statement of responsibility C. Xavier
260 ## - IMPRINT
Place of publication New Delhi
Name of publisher New age international publishers
Date of publication 2009
650 ## - SUBJECT ADDED ENTRY--TOPICAL TERM
Topical term Mathematics
942 ## - ADDED ENTRY ELEMENTS (KOHA)
Koha item type Books
Holdings
Withdrawn status Lost status Source of classification Damaged status Not for loan Home library Current library Shelving location Date acquired Total Checkouts Call number Accession number Date last seen Price effective from Koha item type Copy number
    Dewey Decimal Classification     SEACOM MANAGEMENT COLLEGE SEACOM MANAGEMENT COLLEGE Reference 03/10/2007   518.0285133 X3 M-316 24/09/2024 24/09/2024 Reference Books  
    Dewey Decimal Classification     SEACOM MANAGEMENT COLLEGE SEACOM MANAGEMENT COLLEGE   03/10/2007   518.0285133 X3 M-317 24/09/2024 24/09/2024 Books 1
    Dewey Decimal Classification     SEACOM MANAGEMENT COLLEGE SEACOM MANAGEMENT COLLEGE   03/10/2007   518.0285133 X3 M-318 24/09/2024 24/09/2024 Books 2
    Dewey Decimal Classification     SEACOM MANAGEMENT COLLEGE SEACOM MANAGEMENT COLLEGE   03/10/2007   518.0285133 X3 M-319 24/09/2024 24/09/2024 Books 3
    Dewey Decimal Classification     SEACOM MANAGEMENT COLLEGE SEACOM MANAGEMENT COLLEGE   03/10/2007   518.0285133 X3 M-320 24/09/2024 24/09/2024 Books 4
© Seacom Engineering College, All rights reserved.    Powered by Koha